[Event "13sen.WMH 2003 Senioren"]
[Site "Bad Zwischenahn(17.11.-29.11.2003)"]
[Date "2003.11.29"]
[Round "10"]
[White "Broberg, Horst"]
[Black "Haug, Sverre"]
[Result "1-0"]
[WhiteElo "1958"]
[BlackElo "1856"]
[PlyCount "119"]


1. e4 d6 2. d4 Nf6 3. Nc3 g6 4. Nf3 Bg7 5. Be2 O-O 6. O-O Bg4 7. h3 Bxf3 8.
Bxf3 Nbd7 9. Be3 e5 10. Qd2 Ne8 11. Rad1 a6 12. dxe5 Nxe5 13. Be2 Nf6 14. Bg5
Nc6 15. Qf4 Re8 16. Qh4 h6 17. Bxh6 Nxe4 18. Qxd8 Raxd8 19. Nxe4 Rxe4 20. Bf3
Rc4 21. Bg5 Re8 22. c3 Re5 23. Be3 Re8 24. g3 Ne5 25. Bxb7 Rb8 26. Bd5 Ra4 27.
Bb3 Ra5 28. f4 Nd7 29. Rfe1 Kf8 30. Kg2 Nc5 31. Bxc5 Rxc5 32. Re2 Re8 33. Rde1
Rxe2+ 34. Rxe2 Ra5 35. h4 Bf6 36. Kf3 Rh5 37. Ba4 Be7 38. Bd7 Rd5 39. Bc8 a5
40. Ba6 Bf6 41. a4 Rd1 42. Bb5 Be7 43. Rh2 Kg7 44. g4 Rb1 45. h5 gxh5 46. gxh5
Rd1 47. Kg4 Kh6 48. Be8 Rg1+ 49. Kf5 Rg7 50. b4 axb4 51. cxb4 d5 52. Rb2 Kxh5
53. a5 Kh4 54. b5 Bc5 55. b6 cxb6 56. axb6 Bd6 57. b7 Bb8 58. Rb1 Kh3 59. Bc6
Kh2 60. Bxd5 1-0

[Event "13sen.WMH 2003 Senioren"]
[Site "Bad Zwischenahn(17.11.-29.11.2003)"]
[Date "2003.11.29"]
[Round "10"]
[White "Budde, Reinhard"]
[Black "Boehm, Karl"]
[Result "1/2-1/2"]
[WhiteElo "1575"]
[BlackElo "1615"]
[PlyCount "44"]


1. e4 c5 2. Nf3 d6 3. d4 cxd4 4. Nxd4 Nf6 5. Nc3 g6 6. Be2 Bg7 7. Be3 O-O 8.
O-O Nc6 9. Qd2 Bd7 10. Rad1 a6 11. Kh1 Rc8 12. h3 Ne5 13. f4 Nc4 14. Bxc4 Rxc4
15. f5 Qc8 16. Qd3 Nh5 17. Bg1 Be5 18. Nde2 e6 19. Bh2 Bxh2 20. Kxh2 exf5 21.
Qxd6 Qc7 22. Qxc7 Rxc7 1/2-1/2

[Event "13sen.WMH 2003 Senioren"]
[Site "Bad Zwischenahn(17.11.-29.11.2003)"]
[Date "2003.11.29"]
[Round "10"]
[White "Burreh, Heinz"]
[Black "Helmsen, Franz"]
[Result "0-1"]
[WhiteElo "1777"]
[BlackElo "1958"]
[PlyCount "80"]


1. e4 c5 2. Nf3 d6 3. Nc3 Nc6 4. h3 Nf6 5. d4 cxd4 6. Nxd4 a6 7. Be2 g6 8. O-O
Bg7 9. Be3 O-O 10. Qd2 Bd7 11. f4 Rc8 12. Rad1 Qc7 13. Nf3 b5 14. Bd3 Be6 15.
a3 Rb8 16. b4 Rbc8 17. Ne2 Rfd8 18. Ned4 Nxd4 19. Nxd4 Bc4 20. Nf3 Nd7 21. Qf2
Rb8 22. Ng5 h6 23. Nf3 Re8 24. g4 Rbc8 25. g5 h5 26. f5 Ne5 27. Nh4 Kh7 28. Bd4
Rg8 29. Qe2 Nxd3 30. Bxg7 Ne5 31. fxg6+ fxg6 32. Bxe5 dxe5 33. Qf3 Bxf1 34.
Rxf1 Rg7 35. Rf2 Qc3 36. Qg2 Qxa3 37. Qf1 Qe3 38. Kh2 Qxe4 39. Ng2 Rxc2 40.
Rxc2 Qxc2 0-1

[Event "13sen.WMH 2003 Senioren"]
[Site "Bad Zwischenahn(17.11.-29.11.2003)"]
[Date "2003.11.29"]
[Round "10"]
[White "Dziura, Dieter"]
[Black "Rettler, Heinz"]
[Result "1/2-1/2"]
[WhiteElo "1800"]
[BlackElo "1879"]
[PlyCount "82"]


1. e4 e6 2. d4 d5 3. Nc3 Bb4 4. e5 Ne7 5. a3 Bxc3+ 6. bxc3 c5 7. Bd3 Qa5 8. Bd2
c4 9. Be2 Nbc6 10. Nh3 Bd7 11. O-O O-O-O 12. Qc1 Rdf8 13. Rb1 Kb8 14. Qb2 Qc7
15. a4 Ka8 16. Bc1 f6 17. f4 h5 18. Qa1 Nf5 19. Ba3 Rf7 20. Rf3 Nd8 21. a5 Bc6
22. Bc5 Rd7 23. Nf2 Nf7 24. Rh3 h4 25. g4 hxg3 26. Rxh8+ Nxh8 27. hxg3 Nxg3 28.
Bg4 f5 29. Bf3 Ne4 30. Bb6 Qc8 31. Kg2 Nf7 32. Qa3 Nh6 33. Bc5 Qe8 34. Rb6 a6
35. Qb4 Qc8 36. Bxe4 fxe4 37. Bd6 Nf7 38. Ng4 Nxd6 39. exd6 Qd8 40. Ne5 Qc8 41.
Nxd7 Qxd7 1/2-1/2

[Event "13sen.WMH 2003 Senioren"]
[Site "Bad Zwischenahn(17.11.-29.11.2003)"]
[Date "2003.11.29"]
[Round "10"]
[White "Erdmann, Wolfgang"]
[Black "Krause, Armin"]
[Result "1-0"]
[WhiteElo "1538"]
[BlackElo "1309"]
[PlyCount "121"]


1. d4 e6 2. c4 Nf6 3. Nc3 c6 4. Nf3 h6 5. a3 d5 6. e3 a6 7. c5 Be7 8. Na4 Nbd7
9. Bd2 Rb8 10. Bd3 Ne4 11. O-O O-O 12. Be1 Ndf6 13. Nc3 Qd7 14. Qc2 g6 15. Qb3
Qc7 16. Ne2 h5 17. Qc2 Kg7 18. Ne5 Ng4 19. Nxg4 hxg4 20. Bxe4 dxe4 21. Qxe4 Rh8
22. Qf4 Bd8 23. Bc3 f6 24. Qxc7+ Bxc7 25. g3 Bd7 26. f4 Rh3 27. Rf2 Rbh8 28. b4
b5 29. cxb6 Bxb6 30. Rc1 Kf7 31. Bb2 R8h5 32. Nc3 f5 33. Na4 Ba7 34. Nc5 Bc8
35. Nd3 Bb7 36. Ne5+ Ke8 37. Nxc6 Rh7 38. Nxa7 Rxg3+ 39. Kf1 Rf3 40. Rxf3 Bxf3
41. Kg1 Rxa7 42. Rc8+ Kd7 43. Rg8 Kd6 44. Rc8 Rh7 45. Rc2 Kd5 46. Bc1 Rh3 47.
Bd2 g3 48. Be1 g2 49. Rc5+ Ke4 50. Re5+ Kd3 51. Rxe6 Ke2 52. Bg3 Be4 53. Re7
Kxe3 54. d5 Kf3 55. d6 Rh8 56. Rc7 Bd3 57. a4 Rd8 58. d7 Be4 59. Bh4 Rb8 60.
Be7 Rh8 61. Rc8 1-0

[Event "13sen.WMH 2003 Senioren"]
[Site "Bad Zwischenahn(17.11.-29.11.2003)"]
[Date "2003.11.29"]
[Round "10"]
[White "Fehres, Werner"]
[Black "Langmann, Claus"]
[Result "0-1"]
[WhiteElo "1788"]
[BlackElo "1849"]
[PlyCount "60"]


1. e4 c5 2. f4 g6 3. c3 Bg7 4. Nf3 e6 5. Na3 d6 6. Nc2 Nf6 7. d3 Nc6 8. Be3 O-O
9. g3 Qe7 10. Qe2 Bd7 11. h3 e5 12. fxe5 dxe5 13. g4 c4 14. Qf2 b6 15. Nd2 cxd3
16. Bxd3 Be6 17. Na3 Rfd8 18. Bc2 Rac8 19. Qe2 Na5 20. Bb3 Nxb3 21. axb3 Qb7
22. Bg5 Rxd2 23. Bxd2 Nxe4 24. O-O-O Ng3 25. Qh2 Nxh1 26. c4 Qf3 27. Rxh1 Qxb3
28. Bc3 Bxc4 29. Qf2 b5 30. Nxc4 Qxc4 0-1

[Event "13sen.WMH 2003 Senioren"]
[Site "Bad Zwischenahn(17.11.-29.11.2003)"]
[Date "2003.11.29"]
[Round "10"]
[White "Feldmann, Klaus[39Varel]"]
[Black "Kerkhoff, Werner"]
[Result "0-1"]
[WhiteElo "1829"]
[BlackElo "1691"]
[PlyCount "88"]


1. c4 f5 2. Nc3 Nf6 3. Nf3 d6 4. d4 e6 5. b3 Be7 6. g3 O-O 7. Bg2 Na6 8. O-O c6
9. Bb2 d5 10. cxd5 exd5 11. Ne5 Nc7 12. Rc1 Qe8 13. e3 Bd6 14. Qc2 Be6 15. Na4
g6 16. Nc5 Rb8 17. b4 Bc8 18. a4 a6 19. f3 Ne6 20. Qd2 b6 21. Nxe6 Bxe6 22.
Nxc6 Rc8 23. b5 Bd7 24. e4 fxe4 25. fxe4 Nxe4 26. Bxe4 Qxe4 27. Rfe1 Qf3 28.
Rf1 Qe4 29. Rxf8+ Rxf8 30. Re1 Qf3 31. Qe2 axb5 32. axb5 Bh3 33. Qxf3 Rxf3 34.
Bc1 Rb3 35. Kf2 Rxb5 36. Bh6 Rb2+ 37. Ke3 Bf5 38. Ra1 Rb3+ 39. Kd2 Ra3 40. Re1
Be4 41. Rf1 Ra2+ 42. Kc3 Rc2+ 43. Kb3 Rxc6 44. Rf6 Bc2+ 0-1

[Event "13sen.WMH 2003 Senioren"]
[Site "Bad Zwischenahn(17.11.-29.11.2003)"]
[Date "2003.11.29"]
[Round "10"]
[White "Fiedler, Eduard"]
[Black "Thonig, Manfred"]
[Result "1-0"]
[WhiteElo "1734"]
[BlackElo "1538"]
[PlyCount "67"]


1. e4 d6 2. d4 Nf6 3. Nc3 g6 4. Bc4 Bg7 5. Nge2 O-O 6. Be3 c6 7. Qd2 b5 8. Bb3
Ng4 9. O-O-O Nxe3 10. Qxe3 a5 11. a4 b4 12. Nb1 d5 13. e5 e6 14. f4 Qh4 15. Nd2
Nd7 16. g3 Qe7 17. h4 c5 18. dxc5 Nxc5 19. Nd4 Bd7 20. Kb1 Nxa4 21. Bxa4 Bxa4
22. N4b3 Rfc8 23. h5 Bxb3 24. Nxb3 a4 25. Na1 Qc7 26. hxg6 fxg6 27. Rc1 Bf8 28.
g4 Bc5 29. Qh3 Ra7 30. g5 Qa5 31. Qxe6+ Kg7 32. Rxh7+ Kxh7 33. Rh1+ Kg7 34.
Qf6+ 1-0

[Event "13sen.WMH 2003 Senioren"]
[Site "Bad Zwischenahn(17.11.-29.11.2003)"]
[Date "2003.11.29"]
[Round "10"]
[White "Fischer, Paul[37Hiltrup]"]
[Black "Poschmann, Hans"]
[Result "1-0"]
[WhiteElo "1745"]
[BlackElo "1533"]
[PlyCount "139"]


1. Nc3 d5 2. e4 d4 3. Nce2 e5 4. f4 Nc6 5. Nf3 Bd6 6. fxe5 Bxe5 7. Nxe5 Nxe5 8.
Ng3 Nf6 9. h3 Qd6 10. d3 Be6 11. a3 Nfd7 12. Qe2 O-O-O 13. Bd2 Kb8 14. O-O-O c5
15. Kb1 Rc8 16. Bf4 Ka8 17. Nf5 Bxf5 18. exf5 Rhe8 19. g4 Qb6 20. Qd2 h6 21.
Be2 Nf6 22. Rh2 Nd5 23. Ka1 Nxf4 24. Qxf4 Rc7 25. Bf3 Nxf3 26. Qxf3 Rce7 27.
Rhd2 Re3 28. Qf1 Qd6 29. Qg2 R8e5 30. h4 Qe7 31. Qf2 Re2 32. Qg3 R5e3 33. Qf4
Qe5 34. Qxe5 Rxe5 35. Rxe2 Rxe2 36. Kb1 Kb8 37. Rg1 Kc7 38. g5 h5 39. Rf1 Kd6
40. f6 g6 41. b4 b6 42. Kb2 a6 43. Kb3 b5 44. bxc5+ Kxc5 45. Rf4 a5 46. Re4
Rxe4 47. dxe4 Kd6 48. a4 bxa4+ 49. Kxa4 Ke5 50. Kxa5 Kxe4 51. Kb5 Kd5 52. Kb4
Kd6 53. Kc4 Ke5 54. Kb4 Kd6 55. Kc4 Ke5 56. Kc5 Kf4 57. Kxd4 Kg4 58. c4 Kxh4
59. c5 Kxg5 60. c6 Kxf6 61. c7 g5 62. c8=Q h4 63. Qg4 Kg6 64. Ke4 f6 65. Qf5+
Kf7 66. Kf3 Ke7 67. Kg4 Kf7 68. Qe4 Kg7 69. Qe7+ Kg6 70. Qf8 1-0

[Event "13sen.WMH 2003 Senioren"]
[Site "Bad Zwischenahn(17.11.-29.11.2003)"]
[Date "2003.11.29"]
[Round "10"]
[White "Fries, Karl-Heinz"]
[Black "Gerhardt, Peter-Michael"]
[Result "0-1"]
[WhiteElo "1744"]
[BlackElo "2016"]
[PlyCount "98"]


1. e4 c5 2. Nf3 a6 3. d4 cxd4 4. Nxd4 Nf6 5. Nc3 e5 6. Nf3 Bb4 7. Bd2 O-O 8.
Bd3 d5 9. Nxd5 Bxd2+ 10. Qxd2 Nxd5 11. exd5 e4 12. Bxe4 Re8 13. O-O-O Rxe4 14.
Rhe1 Rxe1 15. Rxe1 Nd7 16. d6 Nf6 17. h3 Be6 18. g4 Rc8 19. Ng5 Bxa2 20. Qb4
Bd5 21. Re7 h6 22. Nxf7 Bxf7 23. Qxb7 Rb8 24. Qa7 Qb6 25. Rxf7 Qxb2+ 26. Kd1
Qb1+ 27. Kd2 Qb4+ 28. Ke2 Qe4+ 29. Kd2 Qf4+ 30. Ke2 Re8+ 31. Re7 Qxd6 32. Rxe8+
Nxe8 33. Qa8 Kf7 34. Qf3+ Nf6 35. Qb7+ Qe7+ 36. Qxe7+ Kxe7 37. Kd3 Kd6 38. f4
Kd5 39. c4+ Kc5 40. g5 hxg5 41. fxg5 Nh5 42. Kc3 a5 43. Kb3 g6 44. Ka4 Kxc4 45.
Kxa5 Kd4 46. Kb5 Ke4 47. Kc5 Kf4 48. h4 Kg4 49. Kd5 Kxh4 0-1

[Event "13sen.WMH 2003 Senioren"]
[Site "Bad Zwischenahn(17.11.-29.11.2003)"]
[Date "2003.11.29"]
[Round "10"]
[White "Geibel, Henning"]
[Black "Reimann, Wolfgang"]
[Result "1-0"]
[WhiteElo "1088"]
[BlackElo "1350"]
[PlyCount "85"]


1. d4 Nf6 2. Nf3 d5 3. Bg5 e6 4. e3 Be7 5. Bb5+ c6 6. Bd3 O-O 7. O-O Nbd7 8.
Re1 Ne8 9. Bxe7 Qxe7 10. e4 Qb4 11. b3 Qb6 12. exd5 cxd5 13. c3 Nef6 14. c4 Qc7
15. Qc2 Qd6 16. Ne5 Qb8 17. cxd5 exd5 18. Nd2 Nb6 19. Ndf3 Be6 20. Ng5 g6 21.
Nxe6 fxe6 22. Nf3 Qd6 23. Ng5 Rae8 24. g3 e5 25. Bxg6 Re7 26. dxe5 Rxe5 27.
Bxh7+ Kh8 28. Rxe5 Qxe5 29. Qc1 Nxh7 30. Nxh7 Kxh7 31. Qc2+ Kg7 32. Rf1 d4 33.
Qd1 Qe4 34. Re1 Qd5 35. Re7+ Rf7 36. Qg4+ Kf8 37. Re4 Qa5 38. Qe2 Qc3 39. Re8+
Kg7 40. Qg4+ Kh6 41. Re6+ Kh7 42. Qg6+ Kh8 43. Re8+ 1-0

[Event "13sen.WMH 2003 Senioren"]
[Site "Bad Zwischenahn(17.11.-29.11.2003)"]
[Date "2003.11.29"]
[Round "10"]
[White "Gensch, Manfred"]
[Black "Johannsen, Ingbert"]
[Result "0-1"]
[WhiteElo "1761"]
[BlackElo "1957"]
[PlyCount "82"]


1. e4 e6 2. d4 d5 3. Nd2 Nf6 4. e5 Nfd7 5. Bd3 c5 6. c3 Nc6 7. Ne2 Qb6 8. Nf3
cxd4 9. cxd4 Bb4+ 10. Bd2 f5 11. exf6 Nxf6 12. O-O O-O 13. a3 Bd6 14. Qc2 e5
15. dxe5 Nxe5 16. Nxe5 Bxe5 17. h3 Qxb2 18. Qxb2 Bxb2 19. Ra2 Be5 20. Rb1 Rf7
21. Rc2 Rc7 22. Bf4 Bxf4 23. Nxf4 Rxc2 24. Bxc2 g5 25. Ne2 b6 26. Nd4 Bd7 27.
Bb3 Kf7 28. Rd1 h6 29. Nf3 Ke6 30. Re1+ Kd6 31. Ne5 Be6 32. Nf3 Rc8 33. Nd4 Bd7
34. Ne2 Re8 35. f3 Re3 36. Bd1 Rxa3 37. Nd4 Rd3 38. Ne2 a5 39. Bc2 Rd2 40. Bg6
a4 41. Kf2 Bb5 0-1

[Event "13sen.WMH 2003 Senioren"]
[Site "Bad Zwischenahn(17.11.-29.11.2003)"]
[Date "2003.11.29"]
[Round "10"]
[White "Gestrich, Wolfgang,Prof.Dr."]
[Black "Daitche, Josef"]
[Result "0-1"]
[WhiteElo "1401"]
[BlackElo "1649"]
[PlyCount "98"]


1. c4 g6 2. Nc3 Bg7 3. g3 c6 4. Bg2 Nf6 5. e4 d6 6. Nge2 O-O 7. O-O Nbd7 8. d3
Ne5 9. f4 Ned7 10. h3 e6 11. b4 Qb6+ 12. d4 Qxb4 13. Qb3 Qb6 14. Qxb6 Nxb6 15.
c5 dxc5 16. dxc5 Nbd7 17. e5 Nd5 18. Ba3 f5 19. Rf3 Rd8 20. Rd1 Kf7 21. Na4 Bf8
22. Nd4 Nb8 23. Rb3 Na6 24. Kf2 Nac7 25. Rdd3 Rb8 26. h4 Bd7 27. Bxd5 Nxd5 28.
Nc3 Nxc3 29. Rdxc3 Be8 30. Ke3 Rdc8 31. Rb1 Bd7 32. Rcb3 Rc7 33. Nf3 h6 34. Kd4
Rd8 35. Kc4 Bc8 36. Bb4 b6 37. cxb6 axb6 38. Bxf8 b5+ 39. Kb4 Kxf8 40. a4 bxa4
41. Kxa4 c5 42. Rc3 Bd7+ 43. Ka3 Ra7+ 44. Kb2 Bc6 45. Ne1 Be4 46. Nc2 Rd3 47.
Rc1 Rb7+ 48. Nb4 Rxb4+ 49. Kc2 Rxg3+ 0-1

[Event "13sen.WMH 2003 Senioren"]
[Site "Bad Zwischenahn(17.11.-29.11.2003)"]
[Date "2003.11.29"]
[Round "10"]
[White "Giering, Gregor"]
[Black "Fritsch, Juergen,Dr."]
[Result "1-0"]
[WhiteElo "1752"]
[BlackElo "1851"]
[PlyCount "123"]


1. b3 d5 2. Bb2 Bf5 3. e3 e6 4. c4 c6 5. Nf3 Nd7 6. d3 Ngf6 7. Be2 Be7 8. O-O
O-O 9. Nh4 Bg6 10. f4 Qb6 11. Bd4 c5 12. Nxg6 hxg6 13. Bb2 Rad8 14. Qc2 Ne8 15.
Nd2 Bf6 16. Kh1 Nd6 17. g4 dxc4 18. dxc4 Bxb2 19. Qxb2 Nf6 20. Bf3 Qc7 21. h4
Qe7 22. Kg2 Rfe8 23. Rh1 e5 24. h5 gxh5 25. g5 Ng4 26. Rxh5 Nxe3+ 27. Kf2 f6
28. Rah1 Ndf5 29. Ne4 fxg5 30. fxg5 Kf7 31. g6+ Ke6 32. Ng3 Rf8 33. Ne4 Rd4 34.
Re1 b6 35. Rxe3 Nxe3 36. Kxe3 Qd8 37. Ng5+ Ke7 38. Bd5 Rxd5 39. cxd5 Qxd5 40.
Ne4 Qd4+ 41. Qxd4 exd4+ 42. Ke2 Rf4 43. Re5+ Kd7 44. Kd3 Rg4 45. Ng5 Rg2 46. a3
Rg3+ 47. Kc2 Rc3+ 48. Kb2 Rg3 49. Rf5 Rg2+ 50. Kc1 Kc6 51. Nf7 Ra2 52. Ne5+ Kb5
53. Rf7 Re2 54. Nc4 a5 55. Nd6+ Kc6 56. Nf5 a4 57. bxa4 Re5 58. Nxg7 c4 59. Nf5
d3 60. g7 c3 61. Ne7+ Kd6 62. Rf1 1-0

[Event "13sen.WMH 2003 Senioren"]
[Site "Bad Zwischenahn(17.11.-29.11.2003)"]
[Date "2003.11.29"]
[Round "10"]
[White "Girod, Gudrun"]
[Black "Fanenbruck, Guenter"]
[Result "0-1"]
[WhiteElo "1398"]
[BlackElo "1593"]
[PlyCount "88"]


1. d4 Nf6 2. Nf3 g6 3. e3 Bg7 4. Bd3 O-O 5. O-O d6 6. h3 Nbd7 7. e4 c6 8. c4 e5
9. d5 cxd5 10. cxd5 Nc5 11. Nc3 Nxd3 12. Qxd3 a6 13. Be3 b5 14. b4 Bd7 15. Rac1
Rc8 16. Ne2 Rxc1 17. Rxc1 Qb8 18. Bg5 Rc8 19. Ng3 Rxc1+ 20. Bxc1 Qc8 21. Bg5 h6
22. Be3 Be8 23. Qd2 Kh7 24. Qc1 Qxc1+ 25. Bxc1 Bf8 26. Ne2 Nd7 27. Nh2 f5 28.
f3 Be7 29. Be3 Bd8 30. Kf2 Bb6 31. Bxb6 Nxb6 32. Nc1 Nc4 33. Kf1 fxe4 34. fxe4
Nd2+ 35. Ke2 Nxe4 36. Ng4 Nc3+ 37. Kd3 Nxd5 38. Ne3 Nxe3 39. Kxe3 Kg7 40. g3 h5
41. Nb3 Bd7 42. h4 Kf6 43. a3 Bc6 44. Na5 Bd5 0-1

[Event "13sen.WMH 2003 Senioren"]
[Site "Bad Zwischenahn(17.11.-29.11.2003)"]
[Date "2003.11.29"]
[Round "10"]
[White "Glaser, Heinz-Alfred"]
[Black "Jessen, Ernst"]
[Result "1-0"]
[WhiteElo "1683"]
[BlackElo "1570"]
[PlyCount "49"]


1. e4 e6 2. d4 d5 3. Bd3 dxe4 4. Bxe4 Nf6 5. Bd3 Be7 6. Bf4 Nbd7 7. Nf3 b6 8.
O-O Bb7 9. Nc3 Nd5 10. Nxd5 Bxd5 11. c4 Bb7 12. Re1 O-O 13. Qc2 g6 14. Bh6 Re8
15. Qc3 Bf6 16. Ne5 Bg7 17. Bxg7 Kxg7 18. Nxd7 Qxd7 19. d5+ Kg8 20. dxe6 Rxe6
21. Rxe6 Qxe6 22. Re1 Qd7 23. a3 Rd8 24. Bc2 Qd2 25. Re8+ 1-0

[Event "13sen.WMH 2003 Senioren"]
[Site "Bad Zwischenahn(17.11.-29.11.2003)"]
[Date "2003.11.29"]
[Round "10"]
[White "Glende, Siegfried"]
[Black "Schlag, Franz"]
[Result "1/2-1/2"]
[WhiteElo "1763"]
[BlackElo "1976"]
[PlyCount "107"]


1. e4 e5 2. Nf3 Nc6 3. d3 Bc5 4. Be3 Bb6 5. c4 d6 6. Bxb6 axb6 7. Nc3 Nge7 8.
g3 O-O 9. Bg2 Ng6 10. O-O f5 11. h3 h6 12. Nh2 Nd4 13. Ne2 Nxe2+ 14. Qxe2 c6
15. b3 Qf6 16. exf5 Bxf5 17. Ng4 Qe6 18. Kh2 Ne7 19. Ne3 Bg6 20. h4 h5 21. Bh3
Qf6 22. Bg2 Bf7 23. Qf3 Qh6 24. Qe2 Be6 25. a4 Rf6 26. f3 Raf8 27. a5 bxa5 28.
Rxa5 g5 29. Ra7 gxh4 30. Rxb7 hxg3+ 31. Kg1 Ng6 32. Ra1 h4 33. Raa7 R6f7 34.
Rxf7 Rxf7 35. Rxf7 Kxf7 36. Ng4 Qc1+ 37. Qf1 Qxf1+ 38. Bxf1 Bxg4 39. fxg4 c5
40. Kg2 Nf4+ 41. Kf3 Kf6 42. d4 exd4 43. Kxf4 Ke6 44. Bg2 Kf6 45. g5+ Kg7 46.
Kg4 d3 47. Kf3 Kg6 48. Ke3 Kxg5 49. Bh3 d2 50. Kxd2 Kf4 51. Ke2 Ke4 52. Bg2+
Kf4 53. Bh3 Ke4 54. Bg2+ 1/2-1/2

[Event "13sen.WMH 2003 Senioren"]
[Site "Bad Zwischenahn(17.11.-29.11.2003)"]
[Date "2003.11.29"]
[Round "10"]
[White "Gohlke, Karl-Heinz"]
[Black "Ristic, Sreten"]
[Result "1-0"]
[WhiteElo "1880"]
[BlackElo "1772"]
[PlyCount "55"]


1. e4 g6 2. d4 d6 3. f4 c6 4. Nf3 Bg4 5. Be2 Nd7 6. c3 Bg7 7. Be3 Qc7 8. O-O d5
9. e5 f6 10. Nbd2 Nh6 11. h3 Nf5 12. Bf2 Bxf3 13. Nxf3 fxe5 14. dxe5 e6 15. g4
Nh6 16. Ng5 Nf8 17. Bc5 Qd7 18. Bd6 Nf7 19. Nxf7 Qxf7 20. c4 Bh6 21. Qd4 b6 22.
cxd5 exd5 23. f5 gxf5 24. Rxf5 Ne6 25. Qc3 Qd7 26. Raf1 d4 27. Qf3 d3 28. Bxd3
1-0

[Event "13sen.WMH 2003 Senioren"]
[Site "Bad Zwischenahn(17.11.-29.11.2003)"]
[Date "2003.11.29"]
[Round "10"]
[White "Grasmik, Waldemar"]
[Black "Dirksen, Arno"]
[Result "0-1"]
[WhiteElo "1506"]
[BlackElo "1678"]
[PlyCount "86"]


1. d4 Nf6 2. Bg5 e6 3. Nd2 Be7 4. e3 d5 5. Bd3 c5 6. c3 c4 7. Bc2 O-O 8. Ngf3
Nbd7 9. h4 Bd6 10. g3 Qc7 11. Bf4 g6 12. a3 Re8 13. Ne5 Nxe5 14. Bxe5 Bxe5 15.
dxe5 Qxe5 16. Nf3 Qc7 17. h5 Re7 18. hxg6 fxg6 19. Ng5 Rg7 20. Qe2 e5 21. f3 b5
22. Qh2 Qb6 23. Qd2 Bb7 24. O-O-O a5 25. Rh2 Rd8 26. Qe2 b4 27. axb4 axb4 28.
Qd2 bxc3 29. Qxc3 Re7 30. Rdh1 Qc7 31. Rh6 d4 32. exd4 exd4 33. Qb4 Bd5 34. Be4
Bxe4 35. Nxe4 Nxe4 36. fxe4 Rb8 37. Qe1 Qb6 38. R1h2 c3 39. Qe2 Reb7 40. Qc4+
Kh8 41. Qd5 Qf6 42. bxc3 Qf1+ 43. Kd2 Rb2# 0-1

[Event "13sen.WMH 2003 Senioren"]
[Site "Bad Zwischenahn(17.11.-29.11.2003)"]
[Date "2003.11.29"]
[Round "10"]
[White "Groener, Marga"]
[Black "Bolduan, Albrecht"]
[Result "1/2-1/2"]
[WhiteElo "1283"]
[BlackElo "1368"]
[PlyCount "41"]


1. d4 e6 2. c4 Bb4+ 3. Bd2 c5 4. Bxb4 cxb4 5. e3 d5 6. Qa4+ Nc6 7. cxd5 Qxd5 8.
Nf3 Bd7 9. Qd1 Nf6 10. b3 Ne4 11. Bc4 Qf5 12. O-O Na5 13. Bd3 Bb5 14. Bxb5+
Qxb5 15. a4 Qd5 16. Nfd2 Nxd2 17. Nxd2 Rc8 18. Rc1 O-O 19. Qf3 Qxf3 20. gxf3 f5
21. f4 1/2-1/2

[Event "13sen.WMH 2003 Senioren"]
[Site "Bad Zwischenahn(17.11.-29.11.2003)"]
[Date "2003.11.29"]
[Round "10"]
[White "Haupt, Joachim"]
[Black "Rueggeberg, Wilhelm"]
[Result "0-1"]
[WhiteElo "1755"]
[BlackElo "1777"]
[PlyCount "134"]


1. c4 e5 2. Nc3 Nf6 3. Nf3 d6 4. g3 c6 5. Bg2 Be7 6. O-O O-O 7. d4 exd4 8. Nxd4
Bg4 9. h3 Bh5 10. Nf5 Na6 11. Bf4 Re8 12. Re1 Qa5 13. Nxe7+ Rxe7 14. Qxd6 Rae8
15. Be3 Rd7 16. Qa3 Qxa3 17. bxa3 Rde7 18. Kf1 c5 19. Rad1 b6 20. Bg5 Nb8 21.
Rd6 Re6 22. Rxe6 fxe6 23. Rd1 h6 24. Bxf6 gxf6 25. Ne4 Kg7 26. f4 Rf8 27. Nd6
Bg6 28. e4 Bh7 29. Kf2 Bg8 30. Ke3 e5 31. Nf5+ Kh7 32. Bf1 Nc6 33. Rd7+ Rf7 34.
Rxf7+ Bxf7 35. Nd6 Bg8 36. f5 Kg7 37. Be2 Kf8 38. Nb5 Ke7 39. Nc3 Nd4 40. Bd3
Kd7 41. g4 Nc6 42. Nb1 Kd6 43. Nd2 Na5 44. Kf3 Bf7 45. Kg3 b5 46. cxb5 Bxa2 47.
Kf2 Bf7 48. Nb1 c4 49. Bc2 Kc5 50. Ke3 Kxb5 51. Nc3+ Kc5 52. Na4+ Kd6 53. Nc3
a6 54. h4 Nc6 55. Ne2 Kc5 56. Nc3 Nd4 57. Na4+ Kc6 58. Bd1 Nb5 59. Kd2 Nxa3 60.
Nc3 Nb5 61. Nd5 Bxd5 62. exd5+ Kxd5 63. g5 fxg5 64. hxg5 hxg5 65. Bh5 Nd6 66.
Bg4 Ne4+ 67. Kc2 Nf6 0-1

[Event "13sen.WMH 2003 Senioren"]
[Site "Bad Zwischenahn(17.11.-29.11.2003)"]
[Date "2003.11.29"]
[Round "10"]
[White "Heimberg, Guenter"]
[Black "Spindler, Egbert"]
[Result "1/2-1/2"]
[WhiteElo "1667"]
[BlackElo "1771"]
[PlyCount "56"]


1. c4 e5 2. Nc3 Nc6 3. g3 d6 4. Bg2 Be7 5. e3 Nf6 6. Nge2 O-O 7. O-O Rb8 8. Nd5
Nxd5 9. cxd5 Nb4 10. Qb3 Na6 11. Qd1 Nc5 12. d4 exd4 13. Nxd4 Bf6 14. b4 Nd7
15. Rb1 Re8 16. Rb3 Bxd4 17. Qxd4 b6 18. Bb2 f6 19. Re1 Re7 20. h4 Qe8 21. Rc3
Ne5 22. Rec1 Qd7 23. Rxc7 Qxc7 24. Rxc7 Rxc7 25. Qd1 Nc4 26. Bd4 Bd7 27. Qh5
Be8 28. Qg4 Bd7 1/2-1/2

[Event "13sen.WMH 2003 Senioren"]
[Site "Bad Zwischenahn(17.11.-29.11.2003)"]
[Date "2003.11.29"]
[Round "10"]
[White "Hesselbarth, Karlheinz"]
[Black "Grassmehl, Gerhard"]
[Result "1-0"]
[WhiteElo "1720"]
[BlackElo "1721"]
[PlyCount "107"]


1. d4 Nf6 2. c4 e6 3. Nc3 c5 4. e3 a6 5. Nf3 d5 6. cxd5 exd5 7. Be2 Nc6 8. O-O
Bd6 9. dxc5 Bxc5 10. a3 O-O 11. b4 Ba7 12. Bb2 Be6 13. Qc2 Rc8 14. Rfd1 Qc7 15.
Rac1 Ne5 16. Nxe5 Qxe5 17. Qd2 Qg5 18. Bf3 Rfd8 19. e4 Qxd2 20. Rxd2 d4 21. Ne2
Rxc1+ 22. Nxc1 Bc4 23. Nd3 Nd7 24. Be2 f6 25. Kf1 Ne5 26. Ke1 b6 27. Nxe5 Bxe2
28. Nc6 Rd7 29. Kxe2 b5 30. Nxa7 Rxa7 31. Bxd4 Rc7 32. Bc5 Kf7 33. Rd6 a5 34.
Ra6 axb4 35. axb4 Rb7 36. Ra7 Rxa7 37. Bxa7 Ke6 38. Kd3 Kd6 39. Kd4 g6 40. f4
h5 41. h4 Kc6 42. e5 f5 43. Bc5 Kd7 44. Kd5 Kd8 45. e6 Ke8 46. Kc6 Kd8 47. Kxb5
Kc7 48. e7 Kd7 49. Kc4 Ke8 50. Kd5 g5 51. fxg5 Kd7 52. b5 Ke8 53. b6 f4 54. b7
1-0

[Event "13sen.WMH 2003 Senioren"]
[Site "Bad Zwischenahn(17.11.-29.11.2003)"]
[Date "2003.11.29"]
[Round "10"]
[White "Kaiser, Hans[35BGladb]"]
[Black "Buss, Richard"]
[Result "1-0"]
[WhiteElo "1583"]
[BlackElo "1404"]
[PlyCount "97"]


1. d4 Nf6 2. Nc3 d5 3. Bg5 e6 4. Nf3 Be7 5. Qd3 h6 6. Bd2 b6 7. e4 Ba6 8. Qe3
Bxf1 9. Rxf1 dxe4 10. Nxe4 Nd5 11. Qe2 a5 12. Ne5 Nf6 13. Qb5+ Kf8 14. Nxf6
Bxf6 15. c3 Qd5 16. Qxd5 exd5 17. f4 Ke7 18. Kf2 Re8 19. Rae1 Kf8 20. Kf3 Bxe5
21. fxe5 Re6 22. c4 c6 23. Rc1 Na6 24. cxd5 cxd5 25. Rc3 f5 26. Rfc1 Kf7 27.
Rc6 Nb4 28. Rc7+ Kg6 29. a3 Na6 30. R7c6 Rae8 31. Rd6 Rxd6 32. exd6 Rd8 33. Rc6
a4 34. Rxb6 Nb8 35. Bb4 Nd7 36. Ra6 Kf7 37. Rxa4 Ke6 38. Bc5 g5 39. b4 h5 40.
b5 Rb8 41. Rb4 Nb6 42. Bxb6 Rxb6 43. a4 Kxd6 44. a5 Rb7 45. a6 Ra7 46. h4 g4+
47. Kf4 Ke6 48. b6 Rxa6 49. b7 1-0

[Event "13sen.WMH 2003 Senioren"]
[Site "Bad Zwischenahn(17.11.-29.11.2003)"]
[Date "2003.11.29"]
[Round "10"]
[White "Kaner, Klim"]
[Black "Gutknecht, Christa"]
[Result "1-0"]
[WhiteElo "1911"]
[BlackElo "1666"]
[PlyCount "69"]


1. g3 d6 2. d4 Nf6 3. Bg2 c6 4. e4 Nbd7 5. Ne2 e5 6. Nbc3 Be7 7. Be3 O-O 8. h3
a6 9. g4 Nb6 10. b3 c5 11. d5 Bd7 12. Ng3 Qc7 13. g5 Ne8 14. h4 Rc8 15. Nf5 Bd8
16. Bh3 a5 17. a4 Ra8 18. Nb5 Bxb5 19. axb5 Qb8 20. O-O a4 21. c4 axb3 22. Qxb3
g6 23. Nh6+ Kg7 24. f4 Rxa1 25. Rxa1 f6 26. f5 fxg5 27. hxg5 Qc7 28. Rf1 Nd7
29. Bd2 Kh8 30. Bg4 Be7 31. Qh3 Kg7 32. fxg6 Rxf1+ 33. Kxf1 Ndf6 34. gxf6+ Nxf6
35. Nf5+ 1-0